| 000 | 00723na a2200205 4500 | ||
|---|---|---|---|
| 001 | 13982 | ||
| 003 | MIRAKIL | ||
| 005 | 20181213154756.0 | ||
| 008 | 160908b tu 000 0 | ||
| 035 | _a13982 | ||
| 040 |
_aMilas _btur _cTR-AnCHP |
||
| 082 |
_a923.1561 İnönü,İ. _bM54m 1941 |
||
| 090 | _a923.1561 İnönü,İ. M54m 1941 | ||
| 245 | _aMilli şef ve cümhurreisimizin Ankara Dil ve Tarih-Coğrafya Fakültesini ziyaretleri ve fakültenin yeni binasında tedrisata başlaması | ||
| 260 |
_aİstanbul _b[yayl. y.] _c1941 |
||
| 300 |
_a90 s. _bfotg. _c21 sm. |
||
| 600 |
_aİnönü, İsmet _d1884-1973 _xTörenler |
||
| 610 |
_aAnkara Üniversitesi _bDil ve Tarih-Coğrafya Fakültesi _xTarih |
||
| 942 |
_2ddc _cBKS |
||
| 999 |
_c642 _d642 |
||